MLB Top 100 All-Time: Hits - Statistics

General Stats
  • This quiz has been taken 4,793 times
  • The average score is 57 of 100
Answer Stats
# Hitter Hits % Correct
1 Pete Rose 4,256
96%
6 Derek Jeter 3,465
91%
2 Ty Cobb 4,189
91%
3 Hank Aaron 3,771
88%
10 Albert Pujols 3,384
87%
23 Alex Rodriguez 3,115
87%
46 Babe Ruth 2,873
87%
38 Barry Bonds 2,935
86%
68 Billy Williams 2,711
86%
77 Ted Williams 2,654
86%
25 Ichiro Suzuki 3,089
84%
50 Iván Rodríguez 2,844
83%
17 Miguel Cabrera 3,174
82%
13 Willie Mays 3,283
82%
33 Roberto Clemente 3,000
81%
4 Stan Musial 3,630
81%
16 Cal Ripken Jr. 3,184
80%
64 Lou Gehrig 2,721
80%
49 Brooks Robinson 2,848
79%
36 Frank Robinson 2,943
79%
22 Tony Gwynn 3,141
78%
61 Chipper Jones 2,726
76%
53 Ken Griffey Jr. 2,781
76%
27 Rickey Henderson 3,055
76%
9 Carl Yastrzemski 3,419
75%
8 Honus Wagner 3,420
75%
89 Reggie Jackson 2,584
74%
19 George Brett 3,154
73%
21 Robin Yount 3,142
73%
31 Wade Boggs 3,010
72%
26 Craig Biggio 3,060
71%
18 Adrián Beltré 3,166
70%
11 Paul Molitor 3,319
70%
28 Rod Carew 3,053
69%
14 Eddie Murray 3,255
68%
32 Al Kaline 3,007
67%
T91 Manny Ramírez 2,574
67%
5 Tris Speaker 3,514
66%
90 Ernie Banks 2,583
65%
99 Joe Morgan 2,517
65%
7 Cap Anson 3,435
64%
24 Dave Winfield 3,110
64%
15 Nap Lajoie 3,243
64%
40 Rogers Hornsby 2,930
64%
75 Nellie Fox 2,663
63%
30 Rafael Palmeiro 3,020
63%
29 Lou Brock 3,023
62%
98 Todd Helton 2,519
60%
45 Mel Ott 2,876
58%
34 Sam Rice 2,987
58%
87 Vladimir Guerrero 2,590
58%
79 Jimmie Foxx 2,646
57%
86 Luis Gonzalez 2,591
57%
54 Andre Dawson 2,774
56%
12 Eddie Collins 3,315
54%
60 Tony Perez 2,732
54%
62 Carlos Beltrán 2,725
53%
20 Paul Waner 3,152
52%
100 Buddy Bell 2,514
51%
T73 George Davis 2,665
51%
93 Willie Davis 2,561
51%
63 Roberto Alomar 2,724
50%
67 Dave Parker 2,712
49%
T82 Tim Raines 2,605
49%
70 Gary Sheffield 2,689
48%
47 Harold Baines 2,866
48%
96 Garret Anderson 2,529
46%
35 Sam Crawford 2,961
45%
41 Al Simmons 2,927
44%
51 Charlie Gehringer 2,839
42%
84 Steve Garvey 2,599
42%
52 George Sisler 2,812
41%
72 Luis Aparicio 2,677
40%
57 Luke Appling 2,749
39%
T80 Robinson Canó 2,639
39%
71 Fred Clarke 2,678
38%
43 Frankie Frisch 2,880
37%
55 Johnny Damon 2,769
37%
44 Omar Vizquel 2,877
37%
T91 Richie Ashburn 2,574
37%
76 Harry Heilmann 2,660
36%
66 Bill Buckner 2,715
35%
39 Willie Keeler 2,932
34%
65 Rusty Staub 2,716
33%
58 Al Oliver 2,743
32%
59 Goose Goslin 2,735
32%
42 Zack Wheat 2,884
32%
85 Ed Delahanty 2,597
31%
88 Julio Franco 2,586
31%
56 Vada Pinson 2,757
30%
97 Heinie Manush 2,524
28%
94 Steve Finley 2,548
28%
37 Jake Beckley 2,938
27%
T82 Rabbit Maranville 2,605
27%
48 Jesse Burkett 2,850
25%
T73 Max Carey 2,665
25%
T80 Jim O'Rourke 2,639
21%
78 Lave Cross 2,651
21%
69 Doc Cramer 2,705
19%
95 George Van Haltren 2,544
19%
No matching quizzes found
Score Distribution
Percent of People with Each Score
Percentile by Number Answered
Your Score History
You have not taken this quiz